000 00837cam a2200229 4500
001 WB3546-37
008 000000n1999 000 0 eng u
035 _a(Sirsi) u102851
245 _aService charges
260 _c1999
490 _aEstates Gazette Case Summaries
_v(1999) EGCS 134(1)
520 _a"Broomleigh Housing Association Ltd v Hughes" ChD 11 November 1999. Examines the responsibility of all tenants to contribute via services charges to alterations which do not apply to all flats.
590 _aWB
650 0 _aBROOMLEIGH HOUSING ASSOCIATION LTD V HUGHES
650 _aREPLACEMENT WINDOWS
650 _aSERVICE CHARGES
650 _aALTERATIONS
650 0 _aLAW OF PROPERTY ACT 1925 S148
650 0 _aALTERATIONS CONVENANTS
690 _aLANDLORD AND TENANT-CASE LAW-RESIDENTIAL TENANCIES
942 _n0
999 _c61818
_d61818